01638nam a22002057a 450000500170000000800410001702000150005804000070007308200180008010000190009824500250011726000360014230000280017836500210020652011170022765000180134465000340136265000150139670000210141120211110102857.0211110b ||||| |||| 00| 0 eng d a0316909653 cAL 223a920bMANL aNelson Mandela aLong Walk to Freedom aLondonbLittle Brown & Coc1994 ax,630 p.bHBc24x16 cm. b20.00c£d20.00 aNelson Mandela was one of the great moral and political leaders of his time: an international hero whose lifelong dedication to the fight against racial oppression in South Africa won him the Nobel Peace Prize and the presidency of his country. After his triumphant release in 1990 from more than a quarter-century of imprisonment, Mandela was at the center of the most compelling and inspiring political drama in the world. As president of the African National Congress and head of South Africa's antiapartheid movement, he was instrumental in moving the nation toward multiracial government and majority rule. He is still revered everywhere as a vital force in the fight for human rights and racial equality. Long Walk to Freedom is his moving and exhilarating autobiography, destined to take its place among the finest memoirs of history's greatest figures. Here for the first time, Nelson Rolihlahla Mandela told the extraordinary story of his life -- an epic of struggle, setback, renewed hope, and ultimate triumph.uhttps://zelalemkibret.files.wordpress.com/2012/01/the-autobiography-of-nelson-mandela.pdf aAutobiography aFredom Fighter Nelson Mandela aPolitician aMANDELA (Nelson)